| 000 | 00365nam a2200145Ia 4500 | ||
|---|---|---|---|
| 008 | 130318s9999 xx 000 0 und d | ||
| 020 | _a8122405037 | ||
| 082 | _a629.8 GOP/M | ||
| 100 | _aGopal, M | ||
| 245 | _aModern control system theory | ||
| 250 | _a2 | ||
| 260 |
_bNew Age International Limited _aNew Delhi _c2005 |
||
| 300 | _a688 | ||
| 650 | _aCONTROL SYSTEMS | ||
| 999 |
_c1163 _d1163 |
||